00241nam a2200109Ia 4500003000400000008004100004040001600045082001900061245003500080300001100115490000500126GCL140319s9999 xx 000 0 ara d aGCL / cGCL04a813.009bج ن10aنجيب محفوظ يتذكر a119 ص a